| 000 | 00669nam a22002177a 4500 | ||
|---|---|---|---|
| 003 | OSt | ||
| 005 | 20260428022633.0 | ||
| 008 | 260428b |||||||| |||| 00| 0 eng d | ||
| 020 | _a97817418146444 | ||
| 040 |
_aDWCL-Main Lib _cOC |
||
| 082 | _aCirc. 641.865 Es78 2008 | ||
| 245 | _aEssential cooking series : sweet treats / | ||
| 260 |
_aAustralia : _bWS Pacific Publications, _cc2008. |
||
| 300 |
_a63 pages : _bcolor illustrations ; _c21 cm. |
||
| 490 | _aEssential Cooking Series. | ||
| 504 | _aIncludes glossary and index. | ||
| 650 | _aCooking - Cookies. | ||
| 650 | _aCooking - Pastries. | ||
| 700 | _aHargreaves, Neil | ||
| 942 |
_2ddc _cBK-CIRC _mCirc. _n0 |
||
| 999 |
_c9991 _d9991 |
||